Komentár k zákonu o dani z príjmov

Zákon č. 595/2003 Z.z. o dani z príjmov bol do konca roku 2007 novelizovaný devätnásťkrát. Zmeny a doplnenia vykonané týmito zákonmi sú podrobnejšie priamo zapracované v komentári k jednotlivým ustanoveniam zákona.

Salvato in:
Dettagli Bibliografici
Autore principale: Faiglová, Svetlana
Altri autori: Pohlod, Ján
Natura: Capitolo di libro
Lingua:slovacco
Soggetti:
Tags: Aggiungi Tag
Nessun Tag, puoi essere il primo ad aggiungerne!!

MARC

LEADER 00000naa$a2200000$$$4500
001 0070607
005 20231114095917.8
041 0 |a slo 
044 |a SK 
245 1 0 |a Komentár k zákonu o dani z príjmov  |c Svetlana Faiglová, Ján Pohlod 
520 |a Zákon č. 595/2003 Z.z. o dani z príjmov bol do konca roku 2007 novelizovaný devätnásťkrát. Zmeny a doplnenia vykonané týmito zákonmi sú podrobnejšie priamo zapracované v komentári k jednotlivým ustanoveniam zákona. 
610 2 0 |a dane z príjmov 
610 2 0 |a zákony 
610 2 0 |a Slovensko 
610 2 0 |a komentáre 
100 1 |a Faiglová, Svetlana 
700 1 |a Pohlod, Ján